Dlhé ekonomické cykly Nikolaja Kondratieva

Teória, ktorú vypracoval Nikolaj Dmitrijevič Kondratiev. Bol autorom teórie dlhých vĺn, ktoré sa týkajú západných ekonomík. Podstatou je ekonomický cyklus, ktorý trvá 50 až 60 rokov sprevádzaný boomom a nasledovaný depresiou. Tieto cykly sú známe ako Kondratievove vlny alebo tiež Veľké supercykly.

Salvato in:
Dettagli Bibliografici
Autore principale: Bačišin, Vladimír
Natura: Capitolo di libro
Lingua:slovacco
Soggetti:
Tags: Aggiungi Tag
Nessun Tag, puoi essere il primo ad aggiungerne!!

MARC

LEADER 00000nla a2200000 4500
001 0234529
005 20260205070212.0
041 0 |a slo 
044 |a SK 
245 1 0 |a Dlhé ekonomické cykly Nikolaja Kondratieva  |c Vladimír Bačišin 
520 |a Teória, ktorú vypracoval Nikolaj Dmitrijevič Kondratiev. Bol autorom teórie dlhých vĺn, ktoré sa týkajú západných ekonomík. Podstatou je ekonomický cyklus, ktorý trvá 50 až 60 rokov sprevádzaný boomom a nasledovaný depresiou. Tieto cykly sú známe ako Kondratievove vlny alebo tiež Veľké supercykly. 
610 2 0 |a kríza hospodárska 
610 2 0 |a cykly hospodárske 
610 2 0 |a vývoj hospodársky 
610 2 0 |a teórie ekonomické 
100 1 |a Bačišin, Vladimír